Taylor Swift or Sabrina Carpenter Songs - Statistics

General Stats
  • This quiz has been taken 178 times
    117 since last reset
  • The average score is 12 of 14
Answer Stats
Hint Answer % Correct
Espresso Sabrina Carpenter
97%
Manchild Sabrina Carpenter
95%
Nonsense Sabrina Carpenter
95%
Wildest Dreams Taylor Swift
95%
White Horse Taylor Swift
92%
august Taylor Swift
92%
Picture To Burn Taylor Swift
90%
Better Than Revenge Taylor Swift
90%
Read Your Mind Sabrina Carpenter
87%
Already Over Sabrina Carpenter
84%
Why Sabrina Carpenter
75%
Tell Me Why Taylor Swift
71%
The Life of a Showgirl Both
59%
Paris Both
33%
No matching quizzes found
Score Distribution
Percent of People with Each Score
Percentile by Number Answered
Your Score History
You have not taken this quiz since the last reset